La integración, un proceso que se acelera
में बचाया:
| स्वरूप: | मूलपाठ |
|---|---|
| विषय: | |
| टैग: |
टैग जोड़ें
कोई टैग नहीं, इस रिकॉर्ड को टैग करने वाले पहले व्यक्ति बनें!
|
MARC
| LEADER | 00000 a a2200000 04500 | ||
|---|---|---|---|
| 001 | 17900 | ||
| 003 | |||
| 040 | |||
| 245 | |a La integración, un proceso que se acelera | ||
| 650 | |a INTEGRACION ECONOMICA | ||
| 650 | |a CLASE DIRIGENTE | ||
| 650 | |a MANO DE OBRA | ||
| 650 | |a CAPITAL | ||
| 650 | |a PETROLEO | ||
| 773 | |g volumen 3, número 50; (1979) páginas 469 | ||
| 999 | |c 27776 |d 27776 | ||
| 773 | 0 | |0 42391 |9 3757 |a Agencia Latinoamericana de Información, ALAI |d Quito, Ecuador: ALAI |o 03809 |t ALAI: |x 08275564 (Servicio mensual de información y documentación) | |
